Столицы Южной Америки - Statistics

General Stats
  • This quiz has been taken 20 times
  • The average score is 10 of 12
Answer Stats
Страна Столица % Correct
Бразилия Бразилиа
100%
Уругвай Монтевидео
100%
Аргентина Буэнос-Айрес
100%
Перу Лима
91%
Венесуэла Каракас
91%
Эквадор Кито
82%
Колумбия Богота
82%
Чили Сантьяго
82%
Парагвай Асунсьон
73%
Гайана Джорджтаун
64%
Суринам Парамарибо
55%
Боливия Сукре
55%
No matching quizzes found
Score Distribution
Percent of People with Each Score
Percentile by Number Answered
Your Score History
You have not taken this quiz